| 000 | 00687nam a22001937a 4500 | ||
|---|---|---|---|
| 003 | OSt | ||
| 005 | 20260204033415.0 | ||
| 008 | 260204b |||||||| |||| 00| 0 eng d | ||
| 020 | _a978-971-0445-00-4. | ||
| 040 |
_aDWC-Main lib _cOC |
||
| 082 | _aFil. 650 S621q 2006 | ||
| 100 | _aSirug, Winston S. | ||
| 245 |
_aQuantitative techniques for business _b(operations research/management science quantitative/decision science) _cWinston S. Sirug |
||
| 260 |
_aMakati City : _bMindshapers Co., Inc., _cc2006. |
||
| 300 |
_aviii, 345 pages : _billustration ; _c25 cm. |
||
| 504 | _aIncludes bibliographical references. | ||
| 650 | _a1. Business-Statistics. | ||
| 942 |
_2ddc _cBK - FIL _kFil. _n0 |
||
| 999 |
_c8251 _d8251 |
||